Statistics for Forgotten RuPaul's Drag Race Queens

Click here to take the quiz!

General Stats

  • This quiz has been taken 588 times
  • The average score is 6 of 11

Answer Stats

SeasonAnswer% Correct
1Akashia
73%
1Rebecca Glasscock
73%
6Magnolia Crawford
66%
5Penny Tration
60%
7Sasha Belle
56%
4Milan
55%
4Alisa Summers
54%
8Dax Exclamationpoint
52%
4Kenya Michaels
49%
5Vivienne Pinay
48%
4Lashauwn Beyond
44%

Score Distribution

Percentile by Number Answered

Percent of People with Each Score

Your Score History

You have not taken this quiz